00331 2200145 4500245004500000250001100045100002200056650001600078650001700094005001900111260001800130041001400148084001400162336000900176 aJejak LangkahkucEka Citra PratiwihText aCet. 1 aEka Citra Pratiwi aKarya Siswa aAutobiografi a20250520114401 aJakartac2025 aIndonesia a081 EKA j atext